| 000 | 00936cam a2200289 4500 | ||
|---|---|---|---|
| 008 | 090401t1995 xxu||||| |||| 00| 0 eng d | ||
| 020 | _a0854067043 | ||
| 035 | _a(Sirsi) u62468 | ||
| 041 | _aeng | ||
| 050 |
_a344.410465 _c18 |
||
| 090 | _aRICS 1995/75ABCD | ||
| 110 |
_aRoyal Institution of Chartered Surveyors _94900 |
||
| 245 | _aHealth and safety and the property manager | ||
| 260 |
_aLondon _bRICS _c1995 |
||
| 300 |
_a13p. _c30cm. |
||
| 350 | _a6.50 | ||
| 490 | _aRICS Commercial Property Guidance Note | ||
| 490 | _aRICS Guidance Note | ||
| 650 | _aPROPERTY-COMMERCIAL PROPERTY-COMMERCIAL PROPERTY MANAGEMENT | ||
| 650 |
_aHEALTH AND SAFETY _96244 |
||
| 650 |
_aProperty management _96262 |
||
| 650 | _aPROPERTY MANAGERS | ||
| 690 | _aPROPERTY-COMMERCIAL PROPERTY | ||
| 710 |
_aRoyal Institution of Chartered Surveyors _bCommercial Property Management Skills Panel _94496 |
||
| 942 | _n0 | ||
| 948 | _c04/03/1997 | ||
| 999 |
_c94419 _d94419 |
||